| 000 | 02719 a2200385 4500 | ||
|---|---|---|---|
| 005 | 20090519121928.0 | ||
| 008 | 090519t xxu||||| |||| 00| 0 eng d | ||
| 010 | _aENG-89173 B-309880-885 | ||
| 020 |
_a9780195692440 _c645.00 |
||
| 020 |
_a0195692446 _c645.00 |
||
| 035 | _aEN-72706 | ||
| 035 | _aB-309880-885 | ||
| 035 | _aB-359128 | ||
| 037 | _bDBAD / PUB | ||
| 037 | _bPansy Books | ||
| 040 |
_adpl _bEnglish |
||
| 082 | _a791.430954 | ||
| 100 | _aVitali, Valentina | ||
| 245 |
_aHindi action cinema : _cby Valentina Vitali _bindustries, narratives, bodies / |
||
| 260 |
_aNew Delhi _bOxford University Press _c2008 |
||
| 270 |
_aYMCA Library Building, Jai Singh Road _bNew Delhi _e110 001 |
||
| 300 |
_axxxiii, 266p. _c22cm(Hb) |
||
| 500 | _aIncludes bibliographical references and index | ||
| 942 |
_adpl _cEN _2ddc _h791.430954 _mVIT |
||
| 999 |
_c10180 _d10180 |
||